000 00975nam a2200265Ia 4500
003 OSt
005 20221005103805.0
006 a|||||r|||| 00| 0
007 ta
008 221004b |||||||| |||| 00| 0 san d
020 _a8190225235 (hbk)
_c1000
024 _a120669
037 _b306, 16/11/2011, Eastern Book Linkers
_cTextual
040 _aCRL
_cCRL
_bsan
041 _2san
_asan
082 _aQ31:21211:g, 152Q1
100 _aप्रवीण लता
245 0 _aऔपपातिक सूत्र
_b एक मीमांसात्मक अध्ययन
246 _aAupapātik sūtra: ek mīmāansātmak adhyayana
260 _aदिल्ली
_bआस्था पब्लिकेशन भारत
_c2011
300 _a372पृ0
_ccm.
650 _aधर्म
942 _hQ31:21211:g, 152Q1
_cTEXL
_2cc
999 _c1010922
_d1010922